Quizzes
Events
Quiz Creation
Community
Videos
Private Events
Remove Ads
Sign In
Join for FREE
Feedback
Dark Mode
Quiz Categories
Sports
Geography
Music
Movies
Television
Just For Fun
Miscellaneous
History
Literature
Language
Science
Gaming
Entertainment
Religion
Holiday
For Kids
Quiz Lab
Recent
Popular Today
Quiz Kudos Today
Editor Picks
Curator Picks
Quizzes by...
Day
Popularity
Type
Ratings
Length
Year
Community
Subscriptions
Recent Discussions
Orange Saloon
Badges
Playlists
Quests
Create
Leaderboards
Showdown
Live 5
Trivia Bingo
Activity
Puzzle Library
Sporcle Events
Private Events
Virtual Trivia
Globe League
Become a Host
Pub Owners
SporcleCon
Opinionation
Our Games
Videos
Blog
Mobile Apps
Partnerships
Remove Ads and Go Orange
Feedback
Sports
Athletes
MLB
NBA
NHL
NFL
Soccer
Sports Teams
WWE
NCAA
Football
Premier League
Basketball
Baseball
Hockey
Golf
Tennis
Cricket
Rugby
Auto Racing
Olympics
World Cup
Sports
Athletes
MLB
NBA
NHL
NFL
Soccer
Sports Teams
WWE
NCAA
Football
Premier League
Basketball
Baseball
Hockey
Golf
Tennis
Cricket
Rugby
Auto Racing
Olympics
World Cup
Random Quiz
Search Sporcle
×
Quiz Lab
Quiz Lab
Sports
Premier League
Type in answers that appear in a list
Type in answers that appear in a list
Classic
Best Score? Go Orange.
Every Derby County Premier League Goalscorer Stats
Can you name the Every Derby County Premier League Goalscorer?
By
SallyJarvis1990
10m
56 Questions
437 Plays
437 Plays
437 Plays
Comments
Comments
Give Quiz Kudos
Give Quiz Kudos
-
- Ratings
hide this ad
Replay
Link that replays current quiz
Next Quiz
Link to next quiz in quiz playlist
You Got
0%
They Got
Avg Score
63%
Avg Friend Score
Upgrade to see
Score Distribution
Jump to the score distribution portion of the page
Score
0/56
Timer
10:00
0
Plays Today
Goals
Name
% Correct
23
Paulo Wanchope
96.3%
32
Dean Sturridge
90.4%
7
Stefano Eranio
85.6%
3
Georgi Kinkladze
85.4%
22
Deon Burton
85.1%
4
Kenny Miller
84.9%
9
Fabrizio Ravanelli
83.5%
16
Francesco Baiano
81%
22
Malcolm Christie
80.8%
5
Darryl Powell
80.5%
1
Chris Powell
80.3%
15
Branko Strupar
80.1%
2
Igor Stimac
78.5%
8
Horacio Carbonari
78%
7
Aljosa Asanovic
73.5%
11
Rory Delap
72.8%
2
Seth Johnson
69.8%
3
Jacob Laursen
68%
2
Robin Van Der Laan
67.7%
7
Craig Burley
67.3%
3
Gary Rowett
64.8%
2
Stefan Schnoor
64.5%
1
Robert Earnshaw
64.3%
8
Ashley Ward
63.4%
1
Steve Howard
63.4%
4
Christian Dailly
62.9%
1
Lars Bohinen
62.9%
3
Matt Oakley
62.2%
Goals
Name
% Correct
1
Benito Carbone
62.2%
2
Mikkel Beck
61.6%
2
Lee Carsley
61.3%
1
Giles Barnes
59%
1
David Jones
58.8%
1
Esteban Fuertes
58.4%
3
Chris Riggott
57.9%
3
Emanuel Villa
57.7%
2
Ron Willems
57.2%
2
Paul Simpson
56.5%
1
Spencer Prior
52.4%
4
Lee Morris
52.2%
1
Andy Todd
52.2%
1
Tyrone Mears
51.9%
1
Simo Valakari
51.5%
1
Tony Dorigo
49.4%
1
Danny Higginbotham
47.6%
2
Jay McEveley
46.9%
1
Sean Flynn
46.2%
1
Paul Boertien
45.5%
1
Marvin Robinson
45.3%
2
Jonathan Hunt
45.1%
1
Youl Mawene
45.1%
1
Paul Trollope
44.9%
1
Lewin Nyatanga
44.6%
1
Avi Nimni
42.1%
1
Thordor Gudjonsson
39.8%
1
Kevin Harper
37.5%
Quiz Playlist
Details
Report
Send in Message
Add To Playlist
Classic:
Type in answers that appear in a list
Quiz Source
Last Updated: Feb 16, 2017
Quiz Scoreboard
CHALLENGE
Sign Up to Join the Scoreboard
Show All
Scores
Hide
Comments
May contain spoilers
Recently Published
Pick 6: Fruits
by JohnFran
Miscellaneous
15s
Click the 1999 NBA Draft
by nibperrychub
Sports
2m
Alphabetical 'K' Countries by Flag Minefield
by ylime102
Geography
3m
More to Explore
Quiz From the Vault
Featured Blog Post
15 Basketball Trivia Facts You Can Be March Mad About
hide this ad
You Might Also Like...
Tags
Premier League Quiz
counties
Derby
Derby County
Today's Top Quizzes in Sports
Browse Sports
hide this ad
Today's Top Quizzes in Premier League
Browse Premier League
Top Contributed Quizzes in Sports
1
Les joueurs à 100 buts en Ligue 1 Uber Eats
2
2022 World Cup Stars
3
Millionaire: NBA Finals Edition
4
2024 March Madness Bracket
5
Players with Multiple 50 Home Run Seasons
6
Criteria MLB: Left Handed Sluggers
7
Nickname Match: Athletes VI
8
Iconic Moments in Football - Multiple Choice
9
NFL MVPs ordered
10
NBA Championships Per City
Explore More
Trending Topics
NBA
Crossword
Marvel
Harry Potter
Kpop
Anime
Disney
NFL
Puzzle
Song
Pokémon
Soccer
Country
WWE
The Office
hide this ad
More By:
SallyJarvis1990
Quiz
Plays
Rating
Category
Featured
Created
Most Premier League Goals in a Calendar Year
100,876
4.70
Sports
Dec 30, 2012
Premier League Clubs' Top English Goalscorer
13,315
4.95
Sports
Oct 5, 2014
2014-2015 European League Teams
10,285
4.44
Sports
Jul 23, 2014
The Premier League Years
8,056
4.38
Sports
Aug 29, 2013
Every Premier League Hat-Trick Scorer
7,733
4.70
Sports
May 14, 2013
Go to Creator's Profile
Score Distribution
Quiz Creator Spotlight
SallyJarvis1990
Follow
Send a Message
Quizzes Created
-
Created Quiz Play Count
-
More By This Creator
Popular Quizzes Today
1
Countries of Asia Without Outlines Minefield
2
Find the US States - No Outlines Minefield
3
Pick 6: Fruits
4
Alphabetical 'K' Countries by Flag Minefield
5
The Countries of the World
6
Click the 1999 NBA Draft
7
Match the Book to the Film X
8
Find the US States
More Sports Quizzes
Win The Champions League: 1994-95
Quiz Lab
Trending Quizzes
Pick 6: Harry Potter
Pick 6: Golfers
Donkey Kong Minefield
DC Extended Universe: Oldest to Newest
Multiplication Danger Zone
Recently Updated
Women's Final Four Teams by Year
bhenderson79
Presidents Quartet II
eogle
Anything But Clue(do)
eogle
Anything But Oceanian Capitals
eogle
Anything But 7
eogle
Anything But Thing
eogle
Word Ladder: February 29
pecheneg
Song Title Questions
pecheneg
Women's NCAA Tournament #1 Seeds
pecheneg
Celebrity Mug Shots
pecheneg
Trending Topics
NBA
Disney
Anime
Harry Potter
Marvel
Crossword
Kpop
Song
Country
NFL
WWE
The Office
Pokémon
Puzzle
Soccer
Your Account Isn't Verified!
In order to create a playlist on Sporcle, you need to verify the email address you used during registration. Go to your
Sporcle Settings
to finish the process.
Report this User
Report this user for behavior that violates our
Community Guidelines
.
Details:
Send Report
Go to the Sporcle.com Mobile Site →
Comments